Pays ayant obtenu leur indépendance de la France - Mort subite - Statistiques

Statistiques générales
  • Ce quiz a été pris 894 fois
  • Le résultat moyen est 8 sur 26
Answers on the Grid
Answers color-coded by a green-red scale on the quiz's grid according to % correct below.
Albanie
Algérie
Andorre
Bahreïn
Belgique
Bénin
Bhoutan
Birmanie
Burkina Faso
Burundi
Cambodge
Cameroun
Canada
Chili
Comores
Côte d'Ivoire
Cuba
Djibouti
Éthiopie
Gabon
Guinée
Guinée équatoriale
Haïti
Indonésie
Iran
Koweït
Laos
Liban
Libye
Luxembourg
Madagascar
Mali
Maroc
Mauritanie
Niger
Nigeria
Palaos
Pays-Bas
République Centrafricaine
République Démocratique du Congo
République dominicaine
République du Congo
Rwanda
Sénégal
Soudan
Suriname
Tchad
Togo
Tunisie
Turkménistan
Vanuatu
Zambie
 
Statistiques - réponses
Réponse % Correct
Algérie
93%
Côte d'Ivoire
45%
Bénin
43%
Cameroun
40%
Burkina Faso
39%
Maroc
37%
Tunisie
36%
Sénégal
35%
Cambodge
33%
Mali
32%
Gabon
30%
Comores
29%
Djibouti
28%
Haïti
28%
République Centrafricaine
28%
Madagascar
27%
Guinée
26%
Niger
26%
Liban
25%
République du Congo
25%
Togo
25%
Andorre
24%
Tchad
24%
Mauritanie
23%
Laos
20%
Vanuatu
16%
Aucun quiz correspondant
Distribution des résultats
% des personnes avec chaque résultat
Percentile par nombre de réponses
Votre historique - résultats
Vous n’avez pas pris ce quiz